| 000 | 00387cam a2200145 4500 | ||
|---|---|---|---|
| 082 | 0 | 0 |
_a669 _bSEV _cL-17, P-80 |
| 100 | 1 |
_aKuznetsov Boris _944858 |
|
| 245 | 1 | 0 | _aGeneral metallurgy |
| 260 |
_aMoscow, _bMirPublishers _c[1969] |
||
| 300 |
_a555 p. _billus. _c22 cm. |
||
| 526 |
_a0 _b0 _c0 _d669_000000000000000_SEV |
||
| 650 | 0 |
_aMCE _9379 |
|
| 650 | 0 |
_aMetallurgy. _925466 |
|
| 942 |
_2ddc _cBK |
||
| 999 |
_c548517 _d548517 |
||